000184145 001__ 184145 000184145 005__ 20240207151503.0 000184145 0247_ $$2doi$$a10.15120/GR-2015-1-FG-GENERAL-12 000184145 037__ $$aGSI-SR2014-FG-GENERAL-12 000184145 041__ $$aEnglish 000184145 0881_ $$aGSI Report 2015-1 000184145 088__ $$2GSI$$aGSI Report 2015-1 000184145 1001_ $$0P:(DE-Ds200)OR2015$$aAndelkovic, Z.$$b0$$ugsi 000184145 245__ $$aDeceleration of ions in the HITRAP facility 000184145 260__ $$aDarmstadt$$bGSI Helmholtzzentrum für Schwerionenforschung$$c2015 000184145 29510 $$aScientific Report 2014 000184145 300__ $$a430 p. 000184145 3367_ $$2DRIVER$$abookPart 000184145 3367_ $$2BibTeX$$aINBOOK 000184145 3367_ $$07$$2EndNote$$aBook Section 000184145 3367_ $$0PUB:(DE-HGF)7$$2PUB:(DE-HGF)$$aContribution to a book$$bcontb$$mcontb$$s1451323264_12918 000184145 3367_ $$0PUB:(DE-HGF)15$$2PUB:(DE-HGF)$$aInternal Report$$mintrep 000184145 4900_ $$aGSI Report$$v2015-1$$x0171-4546 000184145 4900_ $$aGSI Scientific Report$$v2014$$x0174-0814 000184145 500__ $$apsp 6.4.5.01 HITRAP 000184145 536__ $$0G:(DE-HGF)POF2-899$$a899 - ohne Topic (POF2-899)$$cPOF2-899$$fPOF I$$x0 000184145 536__ $$0G:(DE-HGF)POF2-54G32$$a54G - GSI-participation in FAIR (POF2-54G32)$$cPOF2-54G32$$fPOF II$$x1 000184145 7001_ $$0P:(DE-Ds200)OR3232$$aFedotova, S.$$b1$$ugsi 000184145 7001_ $$0P:(DE-Ds200)OR0461$$aHerfurth, F.$$b2$$ugsi 000184145 7001_ $$0P:(DE-Ds200)OR1646$$aKotovskiy, N.$$b3$$ugsi 000184145 7001_ $$0P:(DE-HGF)0$$aMaaß, B.$$b4 000184145 7001_ $$0P:(DE-Ds200)OR2693$$aNeidherr, D.$$b5$$ugsi 000184145 7001_ $$0P:(DE-HGF)0$$aSteinmann, J.$$b6 000184145 7001_ $$0P:(DE-HGF)0$$aVotobyev, G.$$b7 000184145 773__ $$a10.15120/GR-2015-1-FG-GENERAL-12 000184145 8564_ $$uhttps://repository.gsi.de/record/184145/files/FG-GENERAL-12.pdf$$yOpenAccess 000184145 909CO $$ooai:repository.gsi.de:184145$$pdnbdelivery$$pdriver$$pVDB$$popen_access$$popenaire$$qec_fundedresources 000184145 9101_ $$0I:(DE-Ds200)20121206GSI$$6P:(DE-Ds200)OR2015$$aGSI Helmholtzzentrum für Schwerionenforschung GmbH$$b0$$kGSI 000184145 9101_ $$0I:(DE-Ds200)20121206GSI$$6P:(DE-Ds200)OR3232$$aGSI Helmholtzzentrum für Schwerionenforschung GmbH$$b1$$kGSI 000184145 9101_ $$0I:(DE-Ds200)20121206GSI$$6P:(DE-Ds200)OR0461$$aGSI Helmholtzzentrum für Schwerionenforschung GmbH$$b2$$kGSI 000184145 9101_ $$0I:(DE-Ds200)20121206GSI$$6P:(DE-Ds200)OR1646$$aGSI Helmholtzzentrum für Schwerionenforschung GmbH$$b3$$kGSI 000184145 9101_ $$0I:(DE-Ds200)20121206GSI$$6P:(DE-Ds200)OR2693$$aGSI Helmholtzzentrum für Schwerionenforschung GmbH$$b5$$kGSI 000184145 9101_ $$0I:(DE-Ds200)20121206GSI$$6P:(DE-HGF)0$$aGSI Helmholtzzentrum für Schwerionenforschung GmbH$$b7$$kGSI 000184145 9131_ $$0G:(DE-HGF)POF2-899$$1G:(DE-HGF)POF2-890$$2G:(DE-HGF)POF2-800$$3G:(DE-HGF)POF2$$4G:(DE-HGF)POF$$aDE-HGF$$bProgrammungebundene Forschung$$lohne Programm$$vohne Topic$$x0 000184145 9131_ $$0G:(DE-HGF)POF2-54G32$$1G:(DE-HGF)POF2-540$$2G:(DE-HGF)POF2-500$$3G:(DE-HGF)POF2$$4G:(DE-HGF)POF$$aDE-HGF$$bStruktur der Materie$$lForschung mit Photonen, Neutronen, Ionen$$vGSI-participation in FAIR$$x1 000184145 9141_ $$y2014 000184145 915__ $$0StatID:(DE-HGF)0510$$2StatID$$aOpenAccess 000184145 915__ $$0LIC:(DE-HGF)CCBY3$$2HGFVOC$$aCreative Commons Attribution CC BY 3.0 000184145 9201_ $$0I:(DE-Ds200)ATP-20051214OR020$$kATP$$lAtomphysik$$x0 000184145 9201_ $$0I:(DE-Ds200)EEL-20051214OR032$$kEEL$$lExperimentelektronik$$x1 000184145 9201_ $$0I:(DE-Ds200)BUD-20051214OR030$$kBUD$$lBibliothek & Dokumentation$$x2 000184145 9201_ $$0I:(DE-Ds200)Coll-GSI-HITRAP$$kHITRAP@GSI$$lCollaboration GSI: HITRAP$$x3 000184145 970__ $$aGSI-SR2014-FG-GENERAL-12 000184145 9801_ $$aFullTexts 000184145 9801_ $$aGSIasPublisher 000184145 9801_ $$aGSI Scientific Report 2014 000184145 9801_ $$aGSI Scientific Report 000184145 9801_ $$aGSI Report 2015 000184145 9801_ $$aGSI Report 000184145 9801_ $$aJahresbericht 000184145 980__ $$acontb 000184145 980__ $$aVDB 000184145 980__ $$aintrep 000184145 980__ $$aI:(DE-Ds200)20110830OR020 000184145 980__ $$aI:(DE-Ds200)ATP-20051214OR020 000184145 980__ $$aI:(DE-Ds200)20121002OR032 000184145 980__ $$aI:(DE-Ds200)EEL-20051214OR032 000184145 980__ $$aI:(DE-Ds200)20120319OR030 000184145 980__ $$aI:(DE-Ds200)BUD-20051214OR030 000184145 980__ $$aI:(DE-Ds200)Coll-GSI-HITRAP 000184145 980__ $$aUNRESTRICTED